| 000 | 02134nam a22003974a 4500 | ||
|---|---|---|---|
| 001 | ebr10363226 | ||
| 003 | CaPaEBR | ||
| 006 | m u | ||
| 007 | cr cn||||||||| | ||
| 008 | 070917s2008 mduaf sb 001 0 eng | ||
| 010 | _z 2007038399 | ||
| 016 | 7 |
_z101316698 _2DNLM |
|
| 020 | _z9780801888113 (hardcover : alk. paper) | ||
| 020 | _z0801888115 (hardcover : alk. paper) | ||
| 040 |
_aCaPaEBR _cCaPaEBR |
||
| 035 | _a(OCoLC)549537258 | ||
| 043 | _an-us-dc | ||
| 050 | 1 | 4 |
_aRA975.T43 _bK376 2008eb |
| 082 | 0 | 4 |
_a362.1109753 _222 |
| 100 | 1 | _aKastor, John A. | |
| 245 | 1 | 0 |
_aSelling teaching hospitals and practice plans _h[electronic resource] : _bGeorge Washington and Georgetown Universities / _cJohn A. Kastor. |
| 260 |
_aBaltimore : _bJohns Hopkins University Press, _c2008. |
||
| 300 |
_ax, 262 p., [5] p. of plates : _bill. |
||
| 504 | _aIncludes bibliographical references (p. [233]-254) and index. | ||
| 505 | 0 | _aWashington and its academic medical centers -- George Washington University : selling the hospital -- George Washington University : separating the practice plan -- George Washington University : closing the HMO -- George Washington University and its medical school -- Georgetown University : selling the hospital -- Georgetown University : selling the practice plan -- Georgetown University and its medical school -- MedStar Health. | |
| 533 |
_aElectronic reproduction. _bPalo Alto, Calif. : _cebrary, _d2013. _nAvailable via World Wide Web. _nAccess may be limited to ebrary affiliated libraries. |
||
| 610 | 2 | 0 |
_aGeorge Washington University. _bMedical Center. |
| 610 | 2 | 0 |
_aGeorgetown University. _bMedical Center. |
| 650 | 0 |
_aTeaching hospitals _zWashington (D.C.) _xAdministration. |
|
| 650 | 0 |
_aTeaching hospitals _zWashington (D.C.) _xFinance. |
|
| 650 | 0 |
_aAcademic medical centers _zWashington (D.C.) _xAdministration. |
|
| 650 | 0 |
_aHospitals _xOwnership _zWashington (D.C.) |
|
| 655 | 7 |
_aElectronic books. _2local |
|
| 710 | 2 | _aebrary, Inc. | |
| 856 | 4 | 0 |
_uhttp://site.ebrary.com/lib/rucke/Doc?id=10363226 _zAn electronic book accessible through the World Wide Web; click to view |
| 999 |
_c216329 _d216329 |
||